00445nam a2200181Ia 4500003000500000008004100005020001800046040001900064082000700083100002000090245003500110246003100145250000700176260004000183365000800223546001200231700002000243STCL230729s9999 xx 000 0 und d a9788123930921 aSTCLcSTCLbEN 222 aMaheshwari, S N 0aAdvanced accountancy volume II aAdvanced accountancy Vol 2 a10 bVikas Publishing HouseaNoidac2012 b610 aEnglish aMaheshwari, S K